| 000 | 00680nam a2200193 a 4500 | ||
|---|---|---|---|
| 001 | 001194430 | ||
| 003 | AM-YeHGA | ||
| 005 | 20250617152841.0 | ||
| 008 | 161202s1953 ||| r 000 0 rus d | ||
| 040 | _aAM-YeHGA | ||
| 041 | 1 |
_arus _hlit |
|
| 100 | 1 | _aТильвитис, Теофилис | |
| 245 | 1 | 0 |
_aНа земле литовской : _bПоэма / _cТ. Тильвитис; Авториз. пер. с лит. М. Пертовых. |
| 260 |
_aМосква : _bСоветский писатель, _c1953. |
||
| 300 |
_a109 с. : _bпортр. |
||
| 653 | 0 | _aЛитовская литература | |
| 700 | 1 |
_aПетровых, М. _eпер. _4trl |
|
| 090 | _c381155 | ||
| 999 |
_c379238 _d379238 |
||